| 000 | 00611nam a2200205 a 4500 | ||
|---|---|---|---|
| 005 | 20140310183346.0 | ||
| 008 | 070208s19uu xx 00 eng d | ||
| 020 | _a0321397754 | ||
| 050 |
_aTR 858 _b.F34 2007 |
||
| 100 | _aFahs, Chad | ||
| 245 |
_aAdobe after effects 7 : _bincludes exercises files + training videos. / _cChad Fahs |
||
| 260 |
_aU.S.A : _bLynda.com Books, _c2007. |
||
| 300 |
_a514 p. : _bill. col. ; _c24 cm. |
||
| 521 | _aIT | ||
| 650 | _aAdobe after effects. | ||
| 650 |
_aImage processing _xDigital techniques. |
||
| 700 | _aWeinman, Lynda | ||
| 942 |
_cBK _2lcc _kFOR |
||
| 999 |
_c21940 _d21940 |
||